1892 1673 1594 1695 1157 1761 1659 1891 1937 1923 1374 1908 1086 1343 1605 1522 1824 1294 1268 1174 1036 1135 1033 1056 1220 1300 1256 1931 1631 1234 1289 1732 1951 1531 1016 1644 1639 1749 1805 1642 1784 1620 1151 1382 1825 1017 1372 1226 1776 1540 1462 1845 1964 1774 1398 1795 1359 1220 1966 1293 1218 1903 1060 1912 1888 1628 1637 1451 1066 1369 1642 1645 1579 1511 1467 1333 1114 1275 1366 1011 1640 1603 1112 1878 1278 1642 1411 1921 1152 1533 1236 1305 1103 1526 1767 1724 1177 1683 1380 BCNSPRNW ULIB Ver.6.0+V

เปลี่ยนเป็นภาษาไทย

Change to English
 แสดงรายละเอียดบรรณานุกรม
  กลับหน้าหลัก

Brief Record : Get Marc (ISO 2709) : E-mail record : QR code < ปิดหน้าต่าง
LEADER : 00000nam 2200000uu 4500
001    13399126884
003     ULIB
008    190827s2561||||th 000 0 tha d
020    ^a9789740334927
050    ^aLB2806.15ณ312ก
100    ^aณัฏฐกรณ์ หลาวทอง
245    ^aการสร้างเครื่องมือการวิจัยทางการศึกษา
250    ^aพิมพ์ครั้งที่ 2
260    ^aกรุงเทพฯ :^bแห่งจุฬาลงกรณ์มหาวิทยาลัย,^c2561
300    ^a140 หน้า;^b26 ซม.
650    ^aการศึกษา^xวิจัย
650    ^aแบบสอบถาม
945    ^p180^l0^i27500
945    ^p180^l0^i27499
945    ^p180^l0^i27497
945    ^p180^l0^i27496
945    ^p180^l0^i27498
999    ^aกัณชพร จุลอักษร
รายการนี้ยังไม่มีแท็ก
คุณยังไม่ได้ล็อกอิน คุณสามารถมีกิจกรรมร่วมกับเว็บไซต์ได้ แต่ต้องล็อกอินก่อน ::
  ล็อกอิน

รายการสื่อสารสนเทศ

ลำดับที่ ประเภท เลขเรียก/บาร์โค้ด สถานที่ สถานะ
1. หนังสือสำรอง
หนังสือสำรอง
LB2806.15ณ312ก ฉ.1 
  Barcode: 27496
ห้องสมุดวิทยาเขตนครสวรรค์
►หนังสือทั่วไป:l:General Books
บนชั้น
2. วิทยาศาสตร์การแพทย์ และสุขภาพ
วิทยาศาสตร์การแพทย์ และสุขภาพ
LB2806.15ณ312ก ฉ.2 
  Barcode: 27497
ห้องสมุดวิทยาเขตนครสวรรค์
►หนังสือทั่วไป:l:General Books
บนชั้น
3. วิทยาศาสตร์การแพทย์ และสุขภาพ
วิทยาศาสตร์การแพทย์ และสุขภาพ
LB2806.15ณ312ก ฉ.3 
  Barcode: 27498
ห้องสมุดวิทยาเขตนครสวรรค์
►หนังสือทั่วไป:l:General Books
บนชั้น
4. วิทยาศาสตร์การแพทย์ และสุขภาพ
วิทยาศาสตร์การแพทย์ และสุขภาพ
LB2806.15ณ312ก ฉ.4 
  Barcode: 27499
ห้องสมุดวิทยาเขตนครสวรรค์
►หนังสือทั่วไป:l:General Books
บนชั้น
5. วิทยาศาสตร์การแพทย์ และสุขภาพ
วิทยาศาสตร์การแพทย์ และสุขภาพ
LB2806.15ณ312ก ฉ.5 
  Barcode: 27500
ห้องสมุดวิทยาเขตนครสวรรค์
►หนังสือทั่วไป:l:General Books
บนชั้น

รายการใกล้เคียง
    ชื่อเรื่อง [การสร้างเครื่องมือการวิจัยทางการศึกษา]

    ผู้แต่ง [ณัฏฐกรณ์ หลาวทอง]

    หัวเรื่อง [แบบสอบถาม]

BibComment


ยังไม่เคยถูกคอมเมนท์

คอมเมนท์ทรัพยากรรายการนี้
  คอมเมนท์: การสร้างเครื่องม..


 Copyright 2026. Bcnsprnw @Library